000 00665nam a2200253Ia 4500
008 160803s9999 xx 000 0 und d
020 _a0 590508318
100 _aCole, Joanna
245 4 _aThe magic school bus gets all dried up :
245 _ba book about deserts /
260 _aNew York :
260 _bScholastic Inc.
260 _c1996
300 _a30 unnumbered pages :
300 _bcolor illustrations ;
300 _c21 cm.
440 _aThe Magic school bus ;
440 _vvol. 2.
650 _aDesert ecology --
650 _aDeserts --
650 _xJuvenile literature.
650 _xJuvenile literature.
700 _a530
999 _c299010
_d299010